| 000 | 00432nam a2200181Ia 4500 | ||
|---|---|---|---|
| 003 | OSt | ||
| 005 | 20220610151605.0 | ||
| 008 | 210210b1920 xxu||||| |||| 00| 0 eng d | ||
| 040 | _cAL | ||
| 041 | _aFrench | ||
| 082 | _a444/121 | ||
| 100 |
_aDe MUSSET (A) _941792 |
||
| 245 | _aCroiselles pierre et camille | ||
| 260 |
_aOxford _bAt the Clarendon Press _c1920 |
||
| 690 |
_aFrench _941797 |
||
| 906 | _a006316 | ||
| 942 |
_2ddc _cBK |
||
| 999 |
_c129336 _d129336 |
||